5HLuxD.jpg

KING HENRY VIII SENIOR AND PRIMARY SCHOOL LIBRARY OPAC

Cambridge International AS & A level : (Record no. 1511)

000 -LEADER
fixed length control field 00951nam a22003258i 4500
001 - CONTROL NUMBER
control field 022296673
003 - CONTROL NUMBER IDENTIFIER
control field UkOxU
005 - DATE AND TIME OF LATEST TRANSACTION
control field 20230104154417.0
008 - FIXED-LENGTH DATA ELEMENTS--GENERAL INFORMATION
fixed length control field 200217s2020 enk 000|0|eng|d
015 ## - NATIONAL BIBLIOGRAPHY NUMBER
National bibliography number GBC026350
Source bnb
016 7# - NATIONAL BIBLIOGRAPHIC AGENCY CONTROL NUMBER
Record control number 019717747
Source Uk
020 ## - INTERNATIONAL STANDARD BOOK NUMBER
International Standard Book Number 9781382005234
035 ## - SYSTEM CONTROL NUMBER
System control number (Uk)019717747
035 ## - SYSTEM CONTROL NUMBER
System control number (StEdALDL)1/3915698
040 ## - CATALOGING SOURCE
Original cataloging agency StDuBDS
Language of cataloging eng
Description conventions rda
Transcribing agency StDuBDS
Modifying agency UkOxU
-- KH8
049 ## - LOCAL HOLDINGS (OCLC)
Holding library CROBAR
082 04 - DEWEY DECIMAL CLASSIFICATION NUMBER
Classification number 570 FOW
Edition number 23
100 1# - MAIN ENTRY--PERSONAL NAME
Personal name Fowler, Stephanie,
Relator term author.
245 10 - TITLE STATEMENT
Title Cambridge International AS & A level :
Remainder of title complete biology /
Statement of responsibility, etc. Stephanie Fowler [and five others].
246 30 - VARYING FORM OF TITLE
Title proper/short title Complete biology
250 ## - EDITION STATEMENT
Edition statement 3rd ed.
264 #1 - PRODUCTION, PUBLICATION, DISTRIBUTION, MANUFACTURE, AND COPYRIGHT NOTICE
Place of production, publication, distribution, manufacture Oxford :
Name of producer, publisher, distributor, manufacturer Oxford University Press,
Date of production, publication, distribution, manufacture, or copyright notice 2020.
300 ## - PHYSICAL DESCRIPTION
Extent 489 p. ;
Other physical details col. ill. :
Dimensions 28 cm.
336 ## - CONTENT TYPE
Content type term text
Source rdacontent
337 ## - MEDIA TYPE
Media type term unmediated
Source rdamedia
338 ## - CARRIER TYPE
Carrier type term volume
Source rdacarrier
500 ## - GENERAL NOTE
General note Includes Internet access.
650 #0 - SUBJECT ADDED ENTRY--TOPICAL TERM
Topical term or geographic name entry element Biology.
942 ## - ADDED ENTRY ELEMENTS (KOHA)
Source of classification or shelving scheme
Koha item type Teaching Resources
Holdings
Withdrawn status Lost status Source of classification or shelving scheme Damaged status Not for loan Collection code Permanent Location Current Location Shelving location Date acquired Total Checkouts Full call number Barcode Date due Date last seen Date last checked out Copy number Price effective from Koha item type
          Teaching Resources KH8 Senior School Library KH8 Senior School Library Staff Office 2023-01-04 2 570 FOW TRKHSL000174 2025-07-04 2024-10-01 2024-10-01 1 2023-01-04 Teaching Resources
          Teaching Resources KH8 Senior School Library KH8 Senior School Library Staff Office 2023-01-04 2 570 FOW TRKHSL000175   2025-09-30 2024-10-01 2 2023-01-04 Teaching Resources
          Teaching Resources KH8 Senior School Library KH8 Senior School Library Staff Office 2023-01-04 3 570 FOW TRKHSL000176 2026-07-03 2025-06-13 2025-06-13 3 2023-01-04 Teaching Resources
          Teaching Resources KH8 Senior School Library KH8 Senior School Library Staff Office 2023-01-04 3 570 FOW TRKHSL000177 2026-07-03 2025-08-27 2025-08-27 4 2023-01-04 Teaching Resources
          Teaching Resources KH8 Senior School Library KH8 Senior School Library Staff Office 2023-01-04 2 570 FOW TRKHSL000179 2025-07-04 2024-10-01 2024-10-01 6 2023-01-04 Teaching Resources
          Teaching Resources KH8 Senior School Library KH8 Senior School Library Staff Office 2023-01-04 3 570 FOW TRKHSL000180 2026-07-03 2025-08-27 2025-08-27 7 2023-01-04 Teaching Resources
          Teaching Resources KH8 Senior School Library KH8 Senior School Library Staff Office 2023-01-04 4 570 FOW TRKHSL000181 2026-07-03 2025-08-27 2025-08-27 8 2023-01-04 Teaching Resources
          Teaching Resources KH8 Senior School Library KH8 Senior School Library Staff Office 2023-01-04 2 570 FOW TRKHSL000182 2026-07-03 2025-08-27 2025-08-27 9 2023-01-04 Teaching Resources
          Teaching Resources KH8 Senior School Library KH8 Senior School Library Staff Office 2023-01-04 2 570 FOW TRKHSL000183   2025-11-12 2025-08-27 10 2023-01-04 Teaching Resources

Powered By KH8 IT Dept